Text - základ výučby cudzích jazykov
Gespeichert in:
| 1. Verfasser: | |
|---|---|
| Format: | Buchkapitel |
| Sprache: | Slowakisch |
| Schlagworte: | |
| Tags: |
Keine Tags, Fügen Sie das erste Tag hinzu!
|
MARC
| LEADER | 00000naa$a2200000$$$4500 | ||
|---|---|---|---|
| 001 | 0237992 | ||
| 005 | 20240502083637.0 | ||
| 041 | 0 | |a slo | |
| 044 | |a CZ | ||
| 245 | 1 | 0 | |a Text - základ výučby cudzích jazykov |c Ingrid Kunovská |
| 610 | 2 | 0 | |a jazyky cudzie |
| 610 | 2 | 0 | |a vzdelávanie |
| 610 | 2 | 0 | |a vyučovanie |
| 610 | 2 | 0 | |a komunikácia |
| 610 | 2 | 0 | |a médiá |
| 610 | 2 | 0 | |a motivácia |
| 610 | 2 | 0 | |a študenti |
| 610 | 2 | 0 | |a učitelia |
| 100 | 1 | |a Kunovská, Ingrid, 1976- | |